[Event "CRO-chT2"]
[Site "Opatija"]
[Date "1995.??.??"]
[Round "?"]
[White "Kober, Mladen"]
[Black "Golubovic, Boris"]
[Result "1/2-1/2"]
[WhiteElo "2330"]
[BlackElo "2365"]

1.e4 d6 2.d4 Nf6 3.Nc3 Nbd7 4.Nf3 e5 5.Bc4 Be7 6.O-O O-O 7.Qe2 c6 8.a4 a5
9.Rd1 Qb6 10.dxe5 Nxe5 11.Nxe5 dxe5 12.Be3 Bc5 13.Bxc5 Qxc5 14.h3 Re8 15.Rd2 Be6
16.Bxe6 Rxe6 17.Rad1 Rae8 18.g3 h5 19.Kg2 g6 20.Rd3 h4 21.Qe3 Qxe3 22.Rxe3 hxg3
23.fxg3 R6e7 24.Red3 Nh7 25.Rd8 Nf8 26.Kf2 Ne6 27.Rxe8+ Rxe8 28.Rd7 Nc5 29.Rd6 Kf8
30.Ke3 Ke7 31.Rd1 Ke6 32.b3 Rh8 33.Rh1 Nd7 34.Nd1 f5 35.Nb2 Nf6 36.exf5+ gxf5
37.Nc4 Nd5+ 38.Kf2 b6 39.Re1 e4 40.Kg2 Rg8 41.Kf2 Rh8 42.Kg2 Kd7 43.g4 Rg8
44.Kh2 fxg4 45.hxg4 Nf6 46.Nxb6+ Ke6 47.Nc4 Nxg4+ 48.Kh3 Nf2+ 49.Kh4 Rg4+
50.Kh5 Kf6 51.Re2 Rg5+ 52.Kh4 Rg4+  1/2-1/2

[Event "CRO-chT2"]
[Site "Opatija"]
[Date "1995.??.??"]
[Round "?"]
[White "Basrak, Srdjan"]
[Black "Petrov, Jole"]
[Result "1/2-1/2"]
[WhiteElo "2270"]
[BlackElo "2275"]

1.e4 d6 2.d4 Nf6 3.Nc3 Nbd7 4.f4 e5 5.Nf3 exd4 6.Qxd4 c6 7.Bc4 d5 8.exd5 Bc5
9.Qd3 O-O 10.dxc6 bxc6 11.Bd2 Re8+ 12.Ne2 Ne4 13.Ng5 Nxg5 14.fxg5 Qe7 15.O-O-O Ne5
16.Qc3 Bg4 17.Ba6 Rab8 18.h3 Bh5 19.g4 Bg6 20.Nf4 Be4 21.Rhf1 Red8 22.Be3 Bb4
23.Rxd8+ Rxd8 24.Qb3 Rb8 25.c3 Bd6 26.Qa4 Nf3 27.Be2 Nxg5 28.h4 Bf3 29.Qxa7 Qxa7
30.Bxa7 Bxf4+ 31.Kc2 Bxe2 32.Rxf4 Ra8 33.hxg5 Rxa7 34.Re4 g6 35.Rxe2 Rxa2
36.Re5 Kg7 37.Kb3 Ra6 38.Kc4 h6 39.gxh6+ Kxh6 40.g5+ Kh5 41.b4 Kg4 42.Kc5 Kf4
43.Re7 Kxg5 44.Rxf7 Kh5 45.Rh7+ Kg5 46.c4 Kf4 47.Rf7+ Ke4 48.Rf6 g5 49.Rg6 Kf5
50.b5 Ra8 51.Rxc6 g4 52.Rd6 g3 53.Rd1 Rc8+ 54.Kb4 g2 55.b6 Rg8 56.Rg1 Ke6
57.Kb5 Kd7 58.c5 Rg5 59.b7 Kc7 60.Ka6 Rg3 61.c6 Ra3+ 62.Kb5  1/2-1/2

[Event "Orense op"]
[Site "Orense"]
[Date "1995.??.??"]
[Round "3"]
[White "De la Fuente, Alfredo"]
[Black "Galego, Luis"]
[Result "0-1"]
[WhiteElo "2190"]
[BlackElo "2435"]

1.e4 d6 2.d4 Nf6 3.Nc3 c6 4.f4 Qa5 5.Bd2 e5 6.fxe5 dxe5 7.Nd5 Qd8 8.Nxf6+ Qxf6
9.Nf3 exd4 10.Bc4 Bc5 11.O-O Be6 12.Ng5 Bxc4 13.Rxf6 gxf6 14.b3 Be2 15.Qe1 fxg5
16.Bb4 Bb6 17.Qg3 Nd7 18.Qxg5 f6 19.Qd2 a5 20.Bd6 O-O-O 21.Kh1 Ba6 22.Qf4 Rde8
23.Qf5 h5 24.Re1 c5 25.a3 Bc7 26.Qd5 Bxd6 27.Qxd6 Re5 28.b4 Rhe8 29.bxc5 Rxe4
30.Rxe4 Rxe4 31.h3 Bb5 32.Qd5 Re5 33.Qxd4 Bc6 34.Kg1 Rxc5  0-1

[Event "Orense op"]
[Site "Orense"]
[Date "1995.??.??"]
[Round "7"]
[White "Guerra Bastida, Diego"]
[Black "Galego, Luis"]
[Result "0-1"]
[WhiteElo "2310"]
[BlackElo "2435"]

1.d4 d6 2.e4 Nf6 3.Nc3 c6 4.g3 e5 5.Nge2 Bg4 6.Bg2 Qb6 7.h3 Bh5 8.g4 Bg6
9.O-O Be7 10.Be3 Qd8 11.Ng3 h5 12.g5 Nfd7 13.Qd2 exd4 14.Qxd4 Bxg5 15.Bxg5 Qxg5
16.Qxg7 Qe5 17.Qxe5+ dxe5 18.h4 Na6 19.Bh3 Nac5 20.b4 Ne6 21.Bxe6 fxe6 22.f4 exf4
23.Rxf4 Ke7 24.Rb1 Rhf8 25.Nce2 e5 26.Rff1 Rg8 27.Rbe1 Rad8 28.Nc1 Be8  0-1

[Event "HUN-ch U20"]
[Site "Paks"]
[Date "1995.??.??"]
[Round "?"]
[White "Csoke, Krisztian"]
[Black "Korpics, Zsolt"]
[Result "1-0"]
[WhiteElo "2295"]
[BlackElo "2315"]

1.e4 d6 2.d4 Nf6 3.Nc3 Nbd7 4.Nf3 e5 5.Bc4 Be7 6.O-O O-O 7.Qe2 exd4 8.Nxd4 Re8
9.Bxf7+ Kxf7 10.Ne6 Kxe6 11.Qc4+ d5 12.exd5+ Nxd5 13.Nxd5 Bd6 14.Nxc7+ Kf6
15.Qc3+ Kf7 16.Nxe8 Qxe8 17.Re1 Qd8 18.Qd3 Qc7 19.h3 Be5 20.Qd5+ Kf8 21.c3 Qd6
22.Qc4 Qc6 23.Qh4 Qg6 24.Qd8+ Kf7 25.f4 Qf6 26.Qh8 g6 27.Qxh7+ Qg7 28.Qh4 Bf6
29.Qf2 Nb6 30.Qc5 Be6 31.Qc7+ Nd7 32.Bd2 Re8 33.Qxb7 Rb8 34.Qxa7 Rxb2 35.Qe3 Nf8
36.a4 Rxd2 37.Qxd2 Bxc3 38.Qc1 Qd4+ 39.Kh1 Bd5 40.Rg1 Qd3 41.Kh2 Bd4 42.Rd1 Qe4
43.Qd2 Ne6 44.Re1 Qf5 45.Rad1 Be4 46.a5 g5 47.Qe2 Bd5 48.Qg4 Qf6 49.fxg5 Be5+
50.Kh1 Bxg2+ 51.Kxg2 Nf4+ 52.Qxf4 Qxf4 53.Rf1  1-0

[Event "HUN-ch U16"]
[Site "Paks"]
[Date "1995.??.??"]
[Round "?"]
[White "Pergel, Laszlo"]
[Black "Toth, Gabor"]
[Result "1-0"]
[WhiteElo "2145"]
[BlackElo "2070"]

1.e4 d6 2.d4 Nf6 3.Nc3 c6 4.g3 Nbd7 5.Bg2 e5 6.Nge2 Qa5 7.O-O b5 8.Re1 Ba6
9.b3 g6 10.Bb2 h5 11.h3 h4 12.g4 Bh6 13.f4 b4 14.g5 bxc3 15.Bxc3 Bxe2 16.Bxa5 Bxd1
17.Raxd1 Nh5 18.gxh6 Nxf4 19.Bc7 Ne6 20.Bxd6 exd4 21.Bf3 c5 22.e5 Rc8 23.Bb7 Rd8
24.b4 cxb4 25.Bd5 a5 26.Bxe6 fxe6 27.Rxd4 Rc8  1-0

[Event "HUN-ch U16"]
[Site "Paks"]
[Date "1995.??.??"]
[Round "?"]
[White "Arato, Bela"]
[Black "Toth, Gabor"]
[Result "0-1"]
[WhiteElo "2050"]
[BlackElo "2070"]

1.e4 d6 2.d4 Nf6 3.Nc3 c6 4.Be3 Nbd7 5.f3 e5 6.Qd2 Be7 7.Bd3 b5 8.Nge2 a6
9.O-O O-O 10.Ng3 Nb6 11.h3 exd4 12.Bxd4 c5 13.Be3 d5 14.exd5 Nfxd5 15.Nxd5 Nxd5
16.Be4 Nxe3 17.Qxe3 Ra7 18.Nf5 Bxf5 19.Bxf5 Bf6 20.c3 Re7 21.Qd3 Qb6 22.Kh1 g6
23.Be4 Rd8 24.Qc2 Red7 25.Rad1 Qc7 26.Rxd7 Rxd7 27.Rd1 Qg3 28.Kg1 Be5 29.Kf1 Rxd1+
30.Qxd1 Qh2 31.Qe1 Qh1+ 32.Ke2 Qxg2+ 33.Qf2 Qxh3 34.Qxc5 Bg3 35.Kd3 Qf1+
36.Kc2 Qe2+ 37.Kb3 Qd1+ 38.Bc2 Qxf3 39.Qc8+ Kg7 40.Qxa6 Qd5+ 41.c4 Qxc4+
42.Ka3 b4+  0-1

[Event "Pardubice op"]
[Site "Pardubice"]
[Date "1995.??.??"]
[Round "?"]
[White "Kalod, Radek"]
[Black "Feigin, Mihail"]
[Result "0-1"]
[WhiteElo "2220"]
[BlackElo "2460"]

1.e4 d6 2.d4 Nf6 3.Nc3 c6 4.a4 Qa5 5.Bd2 Qb6 6.Nf3 Bg4 7.a5 Qc7 8.h3 Bh5
9.d5 a6 10.Bd3 Bxf3 11.Qxf3 g6 12.O-O Bg7 13.Na4 Nbd7 14.c4 O-O 15.b4 e6
16.Rac1 Rac8 17.Bb1 Rfe8 18.Rfe1 Qd8 19.dxe6 Rxe6 20.Ba2 Qe7 21.Nc3 Re8 22.Kf1 c5
23.Nd5 Qd8 24.Bb1 Ne5 25.Qb3 Nc6 26.bxc5 dxc5 27.Qxb7 Nxa5 28.Bxa5 Qxa5 29.Qc7 Qa3
30.Qf4 Nd7 31.Qe3 Qa5 32.Bd3 Bd4 33.Qg3 Ne5 34.f4 Nd7 35.Qf3 Kg7 36.Rb1 Qa3
37.Be2 Qa2 38.Bd3 Rb8 39.Rxb8 Nxb8 40.Qe2 Qa3 41.Qc2 Nc6 42.Qe2 a5 43.e5 a4
44.Rd1 Nb4 45.Bc2 Nxc2 46.Qxc2 Qg3 47.Rd3 Qh2 48.Rxd4 cxd4 49.Qxa4 Qh1+ 50.Kf2 Qc1
51.Kf3 Rb6 52.c5 Rb2 53.Qxd4 Rd2  0-1

[Event "Paris op"]
[Site "Paris"]
[Date "1995.??.??"]
[Round "?"]
[White "Seknadje, Jose"]
[Black "Manouck, Thierry"]
[Result "0-1"]
[WhiteElo "2170"]
[BlackElo "2320"]

1.e4 d6 2.d4 Nf6 3.Nc3 Nbd7 4.Nf3 e5 5.dxe5 dxe5 6.Bc4 Be7 7.Bg5 c6 8.O-O b5
9.Bd3 O-O 10.h3 Ne8 11.Bxe7 Qxe7 12.Re1 Nd6 13.Nb1 Nb6 14.b3 c5 15.c3 Rd8
16.Qe2 c4 17.Bc2 f6 18.Nbd2 cxb3 19.axb3 Be6 20.Bd3 a6 21.Rec1 Rdc8 22.c4 bxc4
23.bxc4 Nd7 24.Nb3 Nb7 25.Na5 Nxa5 26.Rxa5 Nc5 27.Nd2 Qe8 28.Ra3 Rab8 29.Nb1 Rb6
30.Rd1 Rd6 31.Rc3 Rc7 32.Qe3 Rd4 33.Na3 Rcd7 34.Nc2 Rxd3 35.Rdxd3 Rxd3 36.Rxd3 Nxd3
37.Qd2 Qd7 38.Ne3 Nc5 39.Qb4 Qc7 40.Nd5 Bxd5 41.exd5 Kf7 42.Qd2 a5  0-1

[Event "Wch U12 Disney"]
[Site "Paris"]
[Date "1995.??.??"]
[Round "5"]
[White "Bacrot, Etienne"]
[Black "Akopian, Vladimir"]
[Result "1-0"]
[WhiteElo "2300"]
[BlackElo "2655"]

1.e4 d6 2.d4 Nf6 3.Nc3 c6 4.Nf3 Bg4 5.h3 Bxf3 6.gxf3 Nbd7 7.f4 e5 8.Be3 b5
9.a3 a5 10.fxe5 dxe5 11.dxe5 Nxe5 12.Qxd8+ Rxd8 13.f4 Ned7 14.e5 b4 15.axb4 axb4
16.exf6 bxc3 17.fxg7 Bxg7 18.b3 O-O 19.Rg1 Rfe8 20.Kf2 Nf6 21.Bd3 Kh8 22.Bb6 Rd7  1-0

[Event "Plzen opJ"]
[Site "Plzen"]
[Date "1995.??.??"]
[Round "5"]
[White "Babula, Pavel"]
[Black "Neuman, Petr"]
[Result "1-0"]
[WhiteElo "2080"]
[BlackElo "2155"]

1.e4 d6 2.d4 Nf6 3.Nc3 c6 4.Be2 Qa5 5.Bd2 Qb6 6.Nf3 Bg4 7.e5 Nd5 8.exd6 e6
9.Na4 Qd8 10.c4 Nf6 11.c5 Nbd7 12.O-O g6 13.b4 Bg7 14.Ne5 Bxe2 15.Qxe2 Nxe5
16.dxe5 Nd5 17.Rab1 Qh4 18.f4 b5 19.cxb6 axb6 20.Nc3 O-O 21.Nxd5 exd5 22.Be3 Qd8
23.Rfc1 f6 24.Bd4 fxe5 25.fxe5 Rc8 26.Qe3 b5 27.Rf1 Re8 28.Rbe1 Re6 29.Ba1 Qd7
30.Kh1 Rce8 31.Qg5 Qa7 32.h3 Qd7 33.Bd4 Qb7 34.Re3 Qd7 35.Rfe1 Ra8 36.R1e2 Ra4
37.Bc5 Ra8 38.Qg3 Qe8 39.Bd4 Ra4 40.Bc5 Ra8 41.Qf4 Qd7 42.Qd4 Rae8 43.Qb2 Ra8
44.Bd4 Bf8 45.Qc3 Rae8 46.Rc2 Rc8 47.Qc5 Bg7 48.Re1 g5 49.a4 Rh6 50.axb5 Rf8
51.bxc6 Rxh3+ 52.gxh3 Qxh3+ 53.Rh2 Rf1+ 54.Rxf1 Qxf1+ 55.Bg1  1-0

[Event "Plzen opJ"]
[Site "Plzen"]
[Date "1995.??.??"]
[Round "6"]
[White "Hitzgerova, Gabriela"]
[Black "Aranovitch, Emiliano"]
[Result "1/2-1/2"]
[WhiteElo "2145"]
[BlackElo "2280"]

1.e4 d6 2.d4 Nf6 3.Nc3 c6 4.f4 Qa5 5.Bd3 e5 6.Nf3 Bg4 7.dxe5 dxe5 8.O-O Nbd7
9.h3 Bxf3 10.Qxf3 exf4 11.Bxf4 Be7 12.Kh1 O-O 13.Ne2 Ne5 14.Qe3 Nfd7 15.Ng3 g6
16.a3 Bf6 17.c3 Bg7 18.Be2 Qa4 19.Bh6 Qb3 20.Bxg7 Kxg7 21.Rab1 f6 22.Bd1 Qb6
23.Qe2 a5 24.b4 axb4 25.axb4 Ra3 26.Bb3 Rfa8 27.Qd2  1/2-1/2

[Event "Polanica Zdroj op"]
[Site "Polanica Zdroj"]
[Date "1995.??.??"]
[Round "10"]
[White "Borkowski, Franciszek"]
[Black "Laszewicz, Pawel"]
[Result "1/2-1/2"]
[WhiteElo "2425"]
[BlackElo "2230"]

1.e4 d6 2.d4 Nf6 3.Nc3 e5 4.dxe5 dxe5 5.Qxd8+ Kxd8 6.Bc4 Ke8 7.Nf3 Bd6 8.Be3 Nbd7
9.h3 Bb4 10.Bd2 Bxc3 11.Bxc3 Nxe4 12.Bxe5 Nxe5 13.Nxe5 Nd6  1/2-1/2

[Event "POR-ch"]
[Site "POR"]
[Date "1995.??.??"]
[Round "9"]
[White "Silva, Antonio"]
[Black "Ribeiro, Fernando"]
[Result "0-1"]
[WhiteElo "2175"]
[BlackElo "2305"]

1.e4 d6 2.d4 Nf6 3.Nc3 c6 4.f3 Nbd7 5.Bc4 e5 6.Nge2 Be7 7.Ng3 O-O 8.Nf5 exd4
9.Qxd4 d5 10.Nxe7+ Qxe7 11.Bd3 dxe4 12.Nxe4 Nxe4 13.Qxe4 Qxe4+ 14.Bxe4 Nc5
15.Bd3 Re8+ 16.Kf2 Nxd3+ 17.cxd3 Rd8 18.Rd1 a5 19.Be3 a4 20.Bc5 Be6 21.d4 Re8
22.a3 Ra5 23.Rd2 Rb5 24.Bb4 Rd8 25.Rc1 Rh5 26.h3 Rhd5 27.Ke3 R5d7 28.Rc5 f6
29.Ra5 Bb3 30.Bc5 Kf7 31.Kf2 g5 32.Ke3 h5 33.Kf2 Rg8 34.Bb4 b6 35.Ra6 Rb8
36.Bc3 Ke7 37.f4 gxf4 38.Kf3 Kd6 39.d5 cxd5 40.Bxf6 Kc6 41.Be5 Re8 42.Bd4 Rb7
43.Bxb6 Rxb6 44.Ra7 Rb7 45.Ra6+ Kc5 46.Rh6 Re5 47.Kxf4 Rbe7 48.g4 hxg4 49.hxg4 Re4+  0-1

[Event "Porto San Giorgio op"]
[Site "Porto San Giorgio"]
[Date "1995.??.??"]
[Round "?"]
[White "De Vita, Igor"]
[Black "Di Donna, Massimo"]
[Result "0-1"]
[WhiteElo "2140"]
[BlackElo "2230"]

1.e4 d6 2.d4 Nf6 3.Nc3 e5 4.Nf3 Nbd7 5.Bc4 Be7 6.Bb3 O-O 7.Ng5 h6 8.Bxf7+ Rxf7
9.Ne6 Qe8 10.Nxc7 Qd8 11.Nxa8 b5 12.O-O Bb7 13.f3 b4 14.Ne2 Bxa8 15.Be3 d5
16.dxe5 Nxe5 17.exd5 Nxd5 18.Bxa7 Qc7 19.Bd4 Bg5 20.Ng3 Nc4 21.Rf2 Nce3 22.Qd3 Nxg2
23.Rxg2 Nf4 24.Qa6 Bxf3 25.Rf2 Nh3+ 26.Kf1 Nxf2 27.Bxf2 Qxc2 28.Qe6 Bd5 29.Qb6 Qd3+
30.Kg1 Qf3 31.Kf1 Be3  0-1

[Event "Pozarevac"]
[Site "Pozarevac"]
[Date "1995.??.??"]
[Round "3"]
[White "Velimirovic, Dragoljub"]
[Black "Komliakov, Viktor"]
[Result "0-1"]
[WhiteElo "2535"]
[BlackElo "2520"]

1.e4 d6 2.d4 Nf6 3.Nc3 e5 4.Nf3 Nbd7 5.Bc4 Be7 6.O-O O-O 7.Qe2 c6 8.Rd1 exd4
9.Rxd4 Qc7 10.Bf4 Ne5 11.Rad1 Bg4 12.h3 Bxf3 13.gxf3 Rad8 14.Bh2 Qc8 15.Kg2 Ng6
16.Qf1 Nh4+ 17.Kh1 Nxf3 18.R4d3 Nxh2 19.Kxh2 b5 20.Bb3 b4 21.e5 dxe5 22.Ne2 e4
23.Rxd8 Rxd8 24.Rxd8+ Qxd8 25.Ng3 Qd4 26.Kg2 g6 27.Qa6 Bc5 28.Nh1 e3 29.Qb7 e2  0-1

[Event "CZE Tschechien-ch"]
[Site "Prague"]
[Date "1995.??.??"]
[Round "?"]
[White "Bores, Roman"]
[Black "Neuman, Petr"]
[Result "1/2-1/2"]
[WhiteElo "2295"]
[BlackElo "2155"]

1.e4 d6 2.d4 Nf6 3.Nc3 c6 4.f4 Qa5 5.Bd3 e5 6.dxe5 dxe5 7.f5 b5 8.Nf3 Nbd7
9.O-O Ba6 10.Qe2 Bd6 11.Be3 Nc5 12.a3 Nxd3 13.cxd3 O-O 14.b4 Qd8 15.d4 Ng4
16.dxe5 Nxe5 17.Rad1 Qe7 18.Nxe5 Bxe5 19.Bc5 Qc7 20.Rd3 Rfd8 21.Rh3 f6 22.Qh5 h6
23.Qg4 Qf7 24.Ne2 Kh7 25.Nf4 Bc8 26.Ne6 Bxe6 27.fxe6 Qe8 28.e7 Rd2 29.Rd1 Qc8
30.Rxd2 Qxg4 31.Rd8 Qxe4 32.Re3 Qb1+ 33.Kf2 Qf5+  1/2-1/2

[Event "Prague Bohemians"]
[Site "Prague"]
[Date "1995.??.??"]
[Round "11"]
[White "Thoma, Robert"]
[Black "Kranzl, Peter"]
[Result "1/2-1/2"]
[WhiteElo "2285"]
[BlackElo "2285"]

1.e4 d6 2.d4 Nf6 3.Nc3 c6 4.f4 Qa5 5.e5 Ne4 6.Qf3 Nxc3 7.Bd2 Bf5 8.Bd3 Bxd3
9.cxd3 Qd5 10.bxc3 Qxf3 11.Nxf3  1/2-1/2

[Event "CZE Moravia-ch"]
[Site "Prerov"]
[Date "1995.??.??"]
[Round "5"]
[White "Majer, Jiri"]
[Black "Chytilek, Roman"]
[Result "1/2-1/2"]
[WhiteElo "2300"]
[BlackElo "2315"]

1.e4 d6 2.d4 Nf6 3.Nc3 c6 4.f4 Qa5 5.e5 Ne4 6.Qf3 Nxc3 7.Bd2 Bf5 8.Bc4 d5
9.Bxc3 Qb6 10.Bd3 Bxd3 11.Qxd3 e6 12.Nf3 Qb5 13.O-O-O Qxd3 14.Rxd3 Be7 15.Rf1 Nd7
16.Be1 c5 17.Bh4 Bxh4 18.Nxh4 cxd4 19.Rxd4 O-O 20.Nf3 Rac8 21.Rd2 a6 22.Nd4 g6
23.Re1 Nb8 24.g4 Rc5 25.b3 Rc3 26.f5 Re8 27.fxe6 fxe6 28.Rd3 Rc7 29.Rf3 Nd7
30.Kb2 Rcc8 31.h3 Re7 32.a4 Rf7 33.Rfe3 Rf2 34.R1e2 Rxe2 35.Nxe2 Kf7 36.Nd4 Ke7
37.Nf3 Rf8 38.Kc3 Rc8+  1/2-1/2

[Event "Riga zt"]
[Site "Riga"]
[Date "1995.??.??"]
[Round "13"]
[White "Rytshagov, Mikhail"]
[Black "Sokolovs, Andrei"]
[Result "1/2-1/2"]
[WhiteElo "2485"]
[BlackElo "2520"]

1.e4 d6 2.d4 Nf6 3.Nc3 e5 4.dxe5 dxe5 5.Qxd8+ Kxd8 6.Bc4 Be6 7.Bxe6 fxe6
8.Be3 Bd6 9.f3 Ke7 10.Nge2 a6 11.O-O-O h6 12.Rhf1 Nbd7  1/2-1/2

[Event "ROM-chT"]
[Site "ROM"]
[Date "1995.??.??"]
[Round "?"]
[White "Timoshenko, Georgy"]
[Black "Negulescu, Adrian"]
[Result "1/2-1/2"]
[WhiteElo "2555"]
[BlackElo "2380"]

1.d4 d6 2.e4 Nf6 3.Nc3 e5 4.dxe5 dxe5 5.Qxd8+ Kxd8 6.Bc4 Bb4 7.f3 Be6 8.Bxe6 Bxc3+
9.bxc3 fxe6 10.Nh3 c5 11.Nf2 Nc6 12.Bg5 Kc7 13.g4 Rhf8 14.Ke2 b6 15.h4 h6
16.Be3 Ne8 17.h5 Nd6 18.a4 Nc4 19.Nd3 Nxe3 20.Kxe3 c4 21.Nb2 Na5 22.g5 Rf7
23.Rag1 Raf8 24.Rh3 Kd6 25.gxh6 gxh6 26.Ke2 Kc5 27.Rg6 Rf6 28.Rxf6 Rxf6 29.Nd1 Nc6
30.Ne3 Rf7 31.Rg3 b5 32.axb5 Kxb5 33.Rg6 a5 34.Rxe6 a4 35.Rd6 a3 36.Rd5+ Ka4
37.Nxc4 a2 38.Rd1 Ra7 39.Ra1 Kb5 40.Nd2 Ra3 41.Nb3 Kc4 42.Nc1 Kxc3 43.Rxa2 Rxa2
44.Nxa2+ Kxc2 45.f4 Kb2 46.fxe5 Kxa2 47.Ke3 Kb3 48.Kf4 Nd4 49.e6 Nxe6+ 50.Kf5 Ng7+
51.Kg6 Nxh5 52.Kxh5 Kc4 53.Kg6 h5 54.Kxh5  1/2-1/2

[Event "RUS Army-ch"]
[Site "RUS"]
[Date "1995.??.??"]
[Round "?"]
[White "Yagupov, Igor"]
[Black "Annakov, Babakuli"]
[Result "1-0"]
[WhiteElo "2415"]
[BlackElo "2420"]

1.e4 d6 2.d4 Nf6 3.Nc3 e5 4.Nf3 Nbd7 5.Bc4 Be7 6.O-O O-O 7.Re1 c6 8.a4 b6
9.h3 Rb8 10.Qe2 Bb7 11.Bg5 h6 12.Bxf6 Bxf6 13.d5 cxd5 14.Bxd5 Bc8 15.Nb5 Ba6
16.Qe3 Bxb5 17.axb5 Qc7 18.c4 Nc5 19.b4 Ne6 20.Ra6 Nf4 21.Bc6  1-0

[Event "RUS Army-ch"]
[Site "RUS"]
[Date "1995.??.??"]
[Round "?"]
[White "Belikov, Vladimir"]
[Black "Komliakov, Viktor"]
[Result "1/2-1/2"]
[WhiteElo "2470"]
[BlackElo "2535"]

1.e4 d6 2.d4 Nf6 3.Nc3 e5 4.dxe5 dxe5 5.Qxd8+ Kxd8 6.Bc4 Be6 7.Bxe6 fxe6
8.f3 Bc5 9.Na4 Bd6 10.Be3 Nbd7 11.O-O-O Ke7 12.Ne2 a6  1/2-1/2

[Event "RUS Army-ch"]
[Site "RUS"]
[Date "1995.??.??"]
[Round "?"]
[White "Cherniaev, Alexander"]
[Black "Komliakov, Viktor"]
[Result "1/2-1/2"]
[WhiteElo "2450"]
[BlackElo "2535"]

1.e4 d6 2.d4 Nf6 3.Nc3 e5 4.dxe5 dxe5 5.Qxd8+ Kxd8 6.Bc4 Be6 7.Bxe6 fxe6
8.f3 Bd6 9.Be3 Ke7 10.Nh3 Nc6 11.Nf2 a6 12.Ke2  1/2-1/2

[Event "Sala op"]
[Site "Sala"]
[Date "1995.??.??"]
[Round "2"]
[White "Komora, Andrej"]
[Black "Pribyl, Martin"]
[Result "1/2-1/2"]
[WhiteElo "2095"]
[BlackElo "2335"]

1.e4 d6 2.d4 Nf6 3.Nc3 c6 4.f3 Nbd7 5.Be3 b5 6.Qd2 e5 7.d5 cxd5 8.Nxd5 a6
9.a4 bxa4 10.c4 Nxd5 11.cxd5 Nc5 12.Bxc5 dxc5 13.Rxa4 Be7 14.Bc4 Bh4+ 15.g3 Bg5
16.Qc3 O-O 17.Ne2 Bh3 18.Kf2 f5 19.d6+ Kh8 20.Bd5 Rb8 21.Rxa6 c4 22.Rha1 Rb3
23.Ra8 Qb6+ 24.Ke1 Qxd6 25.Rxf8+ Qxf8 26.Ra8 Qxa8 27.Bxa8 Rxc3 28.Nxc3 Bc1
29.Na4  1/2-1/2

[Event "Sala op"]
[Site "Sala"]
[Date "1995.??.??"]
[Round "4"]
[White "Salai, Ladislav"]
[Black "Pribyl, Josef"]
[Result "1/2-1/2"]
[WhiteElo "2425"]
[BlackElo "2390"]

1.e4 d6 2.d4 Nf6 3.Nc3 e5 4.Nf3 Nbd7 5.Bc4 Be7 6.O-O O-O 7.Qe2 c6 8.a4 Qc7
9.h3 b6 10.Rd1 Bb7 11.d5 cxd5 12.Nxd5 Nxd5 13.Bxd5 Bxd5 14.exd5  1/2-1/2

[Event "Sala op"]
[Site "Sala"]
[Date "1995.??.??"]
[Round "9"]
[White "Zontakh, Andrey"]
[Black "Pribyl, Josef"]
[Result "1/2-1/2"]
[WhiteElo "2460"]
[BlackElo "2390"]

1.e4 d6 2.d4 Nf6 3.Nc3 e5 4.Nf3 Nbd7 5.Bc4 Be7 6.O-O O-O 7.Re1 c6 8.a4 Qc7
9.h3 b6 10.Bg5 Bb7 11.dxe5 dxe5 12.Nh4 g6 13.Qf3 Kg7 14.Qe3 Ng8 15.Qg3 Bxg5
16.Qxg5 h6 17.Qg3 Ndf6 18.Rad1 Rad8 19.Nf3 Rxd1 20.Rxd1 Re8 21.Ne1 a6 22.Qe3 b5
23.Be2 Nd7 24.Nd3 Ngf6 25.b4 Re7 26.h4 Nf8 27.Nc5 Bc8 28.axb5 axb5 29.Ra1 Ne6
30.Nxe6+ Rxe6 31.Qc5 Qd6 32.Qxd6 Rxd6 33.Bd3 Rd4 34.Rb1 Be6 35.f3  1/2-1/2

[Event "BRA-chT"]
[Site "San Jose do Rio Preto"]
[Date "1995.??.??"]
[Round "4"]
[White "Zapata, Alonso"]
[Black "Pelikian, Jefferson"]
[Result "1-0"]
[WhiteElo "2530"]
[BlackElo "2355"]

1.e4 d6 2.d4 Nf6 3.Nc3 c6 4.Nf3 Bg4 5.h3 Bh5 6.Be3 e6 7.g4 Bg6 8.Nd2 d5 9.Bg2 dxe4
10.Ndxe4 Nxe4 11.Nxe4 Bxe4 12.Bxe4 Nd7 13.c4 Bb4+ 14.Kf1 Bd6 15.Qc2 h6 16.Rd1 Qc7
17.Kg2 Nf6 18.Bf3 g6 19.Qd2 h5 20.b4 Rd8 21.Qb2 Ke7 22.b5 cxb5 23.Qxb5 Bf4
24.g5 Nd7 25.Qxb7 Qxb7 26.Bxb7 Bxe3 27.fxe3 Rb8 28.Rb1 Nb6 29.Ba6 Rhd8 30.Kf3 Na8
31.Rb7+ Rxb7 32.Bxb7 Nb6 33.Ba6 Rd7 34.Ke4 f6 35.Bb5 Rd8 36.gxf6+ Kxf6 37.Rf1+ Ke7
38.c5  1-0

[Event "Santa Cruz de la Palma op"]
[Site "Santa Cruz"]
[Date "1995.??.??"]
[Round "?"]
[White "Fernandez Garcia, Jose L"]
[Black "Franco Ocampo, Zenon"]
[Result "0-1"]
[WhiteElo "2445"]
[BlackElo "2490"]

1.e4 d6 2.d4 Nf6 3.Nc3 e5 4.dxe5 dxe5 5.Qxd8+ Kxd8 6.Nf3 Bd6 7.Bg5 Be6 8.O-O-O Nd7
9.Bxf6+ gxf6 10.Nh4 Bc5 11.f3 c6 12.Nf5 Kc7 13.Ng7 Bd4 14.Nxe6+ fxe6 15.Ne2 Be3+
16.Kb1 h5 17.g3 a5 18.Bh3 Nc5 19.Nc1 h4 20.Nd3 Nxd3 21.Rxd3 hxg3 22.hxg3 Bf2
23.Rdd1 Rae8 24.Bg4 Rxh1 25.Rxh1 Kd6 26.Bh5 Rh8 27.g4 b5 28.c3 c5 29.Kc2 c4
30.Rd1+ Ke7 31.a4 b4 32.cxb4 axb4 33.b3 c3 34.a5 f5 35.exf5 exf5 36.Rd5 Bd4
37.f4 fxg4 38.fxe5 Rxh5 39.Rxd4 Rh2+ 40.Kc1 g3 41.Rxb4 g2 42.Rg4 Rh1+ 43.Kc2 g1=Q
44.Rxg1 Rxg1 45.Kxc3 Rg4 46.b4 Kd7 47.b5 Ra4 48.a6 Kc7 49.Kd3 Kb6 50.e6 Rh4  0-1

[Event "Santiago op"]
[Site "Santiago"]
[Date "1995.??.??"]
[Round "?"]
[White "Paredes, Alejandro"]
[Black "Ruck, Robert"]
[Result "0-1"]
[WhiteElo "2200"]
[BlackElo "2460"]

1.e4 d6 2.d4 Nf6 3.Nc3 Nbd7 4.Nf3 e5 5.Bc4 Be7 6.O-O O-O 7.a4 c6 8.Qe2 exd4
9.Nxd4 Re8 10.Nf3 Bf8 11.Bd3 Nc5 12.Re1 Bg4 13.Bg5 Ne6 14.Bh4 Nf4 15.Qd2 Ng6
16.Bg3 Nh5 17.Nd4 Nxg3 18.hxg3 Qf6 19.Be2 Bxe2 20.Rxe2 h5 21.Rd1 Rad8 22.Nf3 Ne5
23.Nxe5 dxe5 24.Qe3 Rd4 25.Red2 Bc5 26.Qf3 Qg6 27.Kf1 Re6 28.Qf5 Qh6 29.Rxd4 Bxd4
30.Ne2 g6 31.Qh3 Bb6 32.Rd3 Qf8 33.a5 Bxa5 34.g4 hxg4 35.Qxg4 Bb6 36.Qh4 Rd6
37.Nc1 Rxd3 38.Nxd3 Qd6 39.Qg5 Bc7 40.Qg4 b5 41.g3 Kg7 42.f4 exf4 43.gxf4 c5
44.e5 Qd5 45.Qc8 Bb6 46.Qg4 c4 47.Ne1 Qh1+ 48.Ke2 Qe4+ 49.Kd1 Be3 50.Ng2 Qd4+
51.Ke2 Qd2+ 52.Kf3 Qd1+  0-1

[Event "Sarospatak op"]
[Site "Sarospatak"]
[Date "1995.??.??"]
[Round "?"]
[White "Kakuk, Sandor"]
[Black "Okhotnik, Vladimir"]
[Result "0-1"]
[WhiteElo "2225"]
[BlackElo "2440"]

1.e4 d6 2.d4 Nf6 3.Nc3 c6 4.f4 Qa5 5.Bd3 e5 6.dxe5 dxe5 7.f5 b5 8.Bd2 Qb6
9.Qf3 Nbd7 10.g4 h6 11.h4 Nc5 12.g5 hxg5 13.Bxg5 b4 14.Nce2 Ba6 15.b3 O-O-O
16.Bxa6+ Qxa6 17.Ng3 Be7 18.N1e2 Rd7 19.Kf2 Qb6 20.Kg2 Nb7 21.Rhd1 Rhd8 22.Ng1 Qc5
23.c4 bxc3 24.Rxd7 Rxd7 25.Rc1 c2 26.Qe2 Rd1 27.Rxd1 cxd1=Q 28.Qxd1 Nd6 29.Qd3 Nb5
30.Nf3 Qc3 31.Qxc3 Nxc3 32.Bxf6 Bxf6 33.a4 Kd7 34.Kf2 Kd6 35.Ke3 g6 36.Kd3 Na2
37.Ng5 Ke7 38.Kc4 a5 39.Ne2 Bxg5 40.hxg5 Kd6 41.Ng1 Nb4 42.Nf3 gxf5 43.exf5  0-1

[Event "Schwaebisch Gmuend op"]
[Site "Schwaebisch Gmuend"]
[Date "1995.??.??"]
[Round "?"]
[White "Mueller, Ralf"]
[Black "Zagorskis, Darius"]
[Result "1/2-1/2"]
[WhiteElo "2285"]
[BlackElo "2550"]

1.e4 d6 2.d4 Nf6 3.Nc3 e5 4.f3 exd4 5.Qxd4 Nc6 6.Bb5 Be7 7.Be3 O-O 8.Bxc6 bxc6
9.Rd1 Be6 10.Nge2 d5 11.Nf4 Bd6 12.exd5 cxd5 13.Qd2 c6 14.O-O Re8 15.Bf2 Qb8
16.Bg3 Bf5 17.b3 Bxc2 18.Rc1 Bf5 19.Na4 Qc7 20.Kh1 Rac8 21.b4 Qb8 22.Nc5 Rcd8
23.a3 Qb5 24.Rf2 a5 25.Ne2 Bxc5 26.bxc5 Qa4 27.Nd4 Bd7 28.Qc3  1/2-1/2

[Event "Schwaebisch Gmuend op"]
[Site "Schwaebisch Gmuend"]
[Date "1995.??.??"]
[Round "?"]
[White "Chandler, Patrick"]
[Black "Pribyl, Martin"]
[Result "0-1"]
[WhiteElo "2145"]
[BlackElo "2335"]

1.e4 d6 2.d4 Nf6 3.Nc3 c6 4.f4 Qa5 5.e5 Ne4 6.Qf3 Nxc3 7.Bd2 Bf5 8.Bxc3 Qd5
9.Qxd5 cxd5 10.O-O-O Nc6 11.Nf3 e6 12.Bd3 g6 13.Rhe1 Bg4 14.Be2 h5 15.g3 Bh6
16.Kb1 Kd7 17.exd6 Bxf3 18.Bxf3 Bf8 19.Rf1 Bxd6 20.Be1 b5 21.Be2 Rab8 22.h3 a6
23.Rf3 Be7 24.Bf2 Na5 25.Rf1 Nc4 26.Be1 Nd6 27.g4 hxg4 28.hxg4 f5 29.Bb4 fxg4
30.Rb3 Ne4 31.Be1 Bh4 32.Bb4 Ng3 33.Rxg3 Bxg3 34.Bxg4 Rh4 35.Be2 Rxf4 36.Rg1 Bf2
37.Rxg6 Bxd4 38.a3 Rh8 39.Bd3 Rf7 40.a4 Rg7 41.c3 Rxg6 42.Bxg6 Bf6  0-1

[Event "Asia-chT"]
[Site "Singapore"]
[Date "1995.??.??"]
[Round "3"]
[White "Amarasinghe, R."]
[Black "Osris, M."]
[Result "1-0"]
[WhiteElo "2205"]
[BlackElo "2055"]

1.e4 d6 2.d4 Nf6 3.Nc3 e5 4.dxe5 dxe5 5.Qxd8+ Kxd8 6.Bg5 c6 7.Bc4 Be6 8.Bxe6 fxe6
9.Nf3 Nd7 10.Bh4 h6 11.O-O-O Kc7 12.Bg3 Bd6 13.Rd2 Rad8 14.Rhd1 Ne8 15.Nxe5 Nxe5
16.Bxe5 Rf8 17.Bxd6+ Nxd6 18.b3 g5 19.f3 b6 20.Rd3 Rf7 21.Kd2 g4 22.e5 Nb7
23.Rxd8 Nxd8 24.Ke3 gxf3 25.gxf3 Rf5 26.Ke4 Nf7 27.f4 Rh5 28.Rd2 Rh4 29.Rg2 Kd7
30.Ne2 c5 31.Ng1 Kc6 32.Nf3 Rh5 33.Rg7 Nd8 34.Rxa7 Nb7 35.Ra8 Rf5 36.Rh8 h5
37.Rh6 Nd8 38.Rxe6+ Nxe6 39.Kxf5 Kd7 40.Ke4 Nc7 41.c4 b5 42.cxb5 Nxb5 43.Kd5 Nc3+
44.Kxc5 Nxa2 45.Kc4 Nc1 46.Nd4  1-0